Legislatíva slovenského bankovníctva

Saved in:
Bibliographic Details
Main Author: Theis, Jozef
Format: Book
Language:Slovak
Published: Bratislava Pravis 1995
Edition:1. vyd.
Subjects:
Tags: Add Tag
No Tags, Be the first to tag this record!

MARC

LEADER 00000nam a2200000 4500
001 c012003
005 20221128073244.9
020 |a 80-967291-0-1 
041 0 |a slo 
044 |a SK 
245 1 0 |a Legislatíva slovenského bankovníctva  |c Jozef Theis 
250 |a 1. vyd. 
264 1 |a Bratislava  |b Pravis  |c 1995 
300 |a 684 s. 
610 2 0 |a bankovníctvo 
610 2 0 |a banky 
610 2 0 |a legislatíva 
610 2 0 |a právo 
610 2 0 |a predpisy právne 
610 2 0 |a Slovensko 
100 1 |a Theis, Jozef